000 00500nam a2200205Ia 4500
005 20250425161512.0
008 250425s9999 xx 000 0 und d
041 _aspa
082 _a543.08
100 _aMELOAN, CLIFTON E
245 0 _aPROBLEMAS Y EXPERIMENTOS EN ANÁLISIS INSTRUMENTAL
250 _a1A ED.
260 _aMEXICO
260 _aMéxico
_bREVERTE
_c1973
300 _a557
650 _aANALISIS INSTRUMENTAL
700 _aKISER, ROBERT M.
942 _c01
010 _a21710
999 _c210521
_d210521